William Shakespeare: a study of facts and problems

में बचाया:
ग्रंथसूची विवरण
मुख्य लेखक: Chambers, E. K (लेखक)
स्वरूप: पुस्तक
भाषा:अंग्रेज़ी
प्रकाशित: Oxford At the Clarendon 1930
विषय:
टैग: टैग जोड़ें
कोई टैग नहीं, इस रिकॉर्ड को टैग करने वाले पहले व्यक्ति बनें!

MARC

LEADER 00000nam a2200000 a 4500
001 UCZ5982
003 CL-VaPUC
008 951130e19300000UK |||||||||||||||||eng|d
082 0 4 |a 928.2  |b CHA  |2 21 
100 0 |a Chambers, E. K  |e author  |9 350199 
245 1 0 |a William Shakespeare: a study of facts and problems 
300 |a v 
942 |c BK 
945 |d 19951130 00:00:00  |a rleighto 
260 |a Oxford  |b At the Clarendon  |c 1930 
600 0 |a Shakespeare, William  |9 265757 
650 0 |a Biografías  |9 255210 
650 0 |a Escritores  |9 313723 
583 |a last modification  |c 19951130 00:00:00  |k Rodrigo Vera 
999 |c 242250  |d 242248 
952 |0 0  |1 0  |4 0  |6 928_200000000000000_CHA_1930  |7 0  |8 A  |9 255068  |a BIBEDU  |b BIBEDU  |d 2019-11-19  |h v.2  |i 3156850  |o 928.2 CHA 1930  |p 3156850  |r 2019-11-19  |w 2019-11-19  |y BK  |k LIT 
952 |0 0  |1 0  |4 0  |6 928_200000000000000_CHA_1930  |7 0  |8 A  |9 255069  |a BIBEDU  |b BIBEDU  |d 2019-11-19  |h v.1  |i 1341111  |o 928.2 CHA 1930  |p 1341111  |r 2019-11-19  |w 2019-11-19  |y BK  |k LIT